|
|
|
|
| LEADER |
00000nam a2200000 a 4500 |
| 001 |
UCL4094 |
| 003 |
CL-VaPUC |
| 008 |
031231e19620000SP |||||||||||||||||spa|d |
| 082 |
0 |
4 |
|a 261.7
|b SOR
|2 21
|
| 100 |
0 |
|
|a Soras, A. de
|e author
|9 481607
|
| 245 |
1 |
0 |
|a Opciones políticas y documentos de la iglesia
|
| 250 |
|
|
|a 1a. ed
|
| 300 |
|
|
|a 96 p
|
| 942 |
|
|
|c BK
|
| 945 |
|
|
|d 20031231 00:00:00
|a rbrito
|
| 260 |
|
|
|a Barcelona
|b Estela
|c 1962
|
| 650 |
|
0 |
|a Teología social
|9 326726
|
| 650 |
|
0 |
|a Exégesis
|9 365279
|
| 650 |
|
0 |
|a Documentos pontificios
|9 255642
|
| 583 |
|
|
|a last modification
|c 20031231 00:00:00
|k Rodrigo Vera
|
| 999 |
|
|
|c 307038
|d 307036
|
| 952 |
|
|
|0 0
|1 0
|4 0
|6 261_700000000000000_SOR_1962
|7 0
|8 A
|9 372508
|a BIBTEO
|b BIBTEO
|d 2019-11-21
|i 2086247
|o 261.7 SOR 1962
|p 2086247
|r 2025-01-17
|w 2019-11-21
|y BK
|k ICR
|